00765nam a2200253 a 4500001001300000003000900013005001700022008004100039020001000080082001700090100002100107245003100128260003400159300000900193500003500202505004600237650002100283650003000304650002500334902000800359942000700367952012000374999001700494nice12345678IN_TiNIC20260116015133.0050524s1992 cala grp 000 0 eng  ac10000a296.155bBAI aBaigent, Michael aDead Sea Scrolls Deception aCaliforniabCorgi Booksc1992 a381p aincludes index and biblioraphy2 aNotes and References, Bibliography, Index aDead Sea Scrolls aJesus Christ-Historiocity aEarly-Church History bSRS cBK 001040708StackRoom-aHMIbHMId2007-07-27g100.00l0o296.155 BAIp11000886r2007-07-27v100.00w2005-05-24yBK c18451d18451